000 00329nam a22001337a 4500
020 _a9788125034810
082 _a294.543 SRI
100 _aSrinivas Smriti
245 _aIn the Presence of Sai Baba
260 _aHyderabad
_borient Longman Private limited
_c2008
300 _a403
650 _aSprituality-Hinduism
942 _cBK
999 _c20196
_d20196